Normal view
MARC view
Entry Topical Term
001 - CONTROL NUMBER
- control field: 41080
003 - CONTROL NUMBER IDENTIFIER
- control field: OSt
005 - DATE AND TIME OF LATEST TRANSACTION
- control field: 20160227164956.0
008 - FIXED-LENGTH DATA ELEMENTS
- fixed length control field: 160227|| aca||aabn | a|a d
040 ## - CATALOGING SOURCE
- Original cataloging agency: OSt
- Transcribing agency: OSt
150 ## - HEADING--TOPICAL TERM
- Topical term or geographic name entry element: Management
670 ## - SOURCE DATA FOUND
- Source citation: Work cat.: (OSt)25810: दिवेदी मन्नूलाल 41079, आदर्श कार्यालय पद्धति , 1967









